Artists Produced For: Mike WiLL Made-It - Statistics

General Stats
  • This quiz has been taken 11 times
  • The average score is 13 of 73
Answer Stats
# Artist % Correct
7 Rae Sremmurd
70%
4 Kendrick Lamar
60%
13 Future
50%
37 Gucci Mane
50%
4 Jeezy
50%
1 Lil Wayne
50%
14 Miley Cyrus
50%
1 Nicki Minaj
50%
11 2 Chainz
40%
9 Juicy J
40%
1 Meek Mill
40%
2 Rick Ross
40%
1 Rihanna
40%
1 Big Sean
30%
1 The Weeknd
30%
1 Yo Gotti
30%
1 Young Thug
30%
1 50 Cent
20%
1 A$AP Ferg
20%
2 Ace Hood
20%
1 Brandy
20%
2 Chief Keef
20%
2 Ciara
20%
2 Eminem
20%
2 Kelly Rowland
20%
3 Ludacris
20%
2 Schoolboy Q
20%
1 The Game
20%
2 Bambino Gold
10%
1 B.o.B.
10%
1 Brianna Perry
10%
1 Cassie
10%
1 Daz Dillinger
10%
1 Don Trip
10%
1 Dorrough
10%
9 Eldorado Red
10%
1 E-Pistol
10%
1 Freddie Gibbs
10%
1 French Montana
10%
1 Gutta TV
10%
1 Isaiah Rashad
10%
2 Jeremih
10%
2 Juvenile
10%
1 Keyshia Cole
10%
1 Kodak Black
10%
1 Mariah Carey
10%
1 NAKIM
10%
1 Obie Trice
10%
5 OJ Da Juiceman
10%
1 Pharoah
10%
1 Plies
10%
1 Puff Daddy
10%
4 Shawty Lo
10%
1 Slice 9
10%
2 Slim Dunkin
10%
1 Soulja Boy
10%
1 Starlito
10%
1 Sylver Karatz
10%
1 Tinashe
10%
1 Trae tha Truth
10%
1 Travis Porter
10%
1 Trey Songz
10%
3 Waka Flocka Flame
10%
6 Yung Joey
10%
1 Yung Ralph
10%
1 Fredo Santana
0%
1 Jay Rock
0%
1 Jay-Z
0%
1 Kid Cudi
0%
1 Ms. Go Ham
0%
1 SD
0%
1 YG Hootie
0%
1 Young Scooter
0%
No matching quizzes found
Score Distribution
Percent of People with Each Score
Percentile by Number Answered
Your Score History
You have not taken this quiz